000 00559aas a2200169 4500
999 _c50815
_d50815
001 768714001
003 CO-MdFUSB
005 20170831163142.0
008 170831s1991 gt ||||| |||| 00| 0 spa d
040 _aCO-MdFUSB
_bspa
_cCO-MdFUSB
_dCO-MdFUSB
041 _aspa
100 1 _aReyes, Alberto
_eautor
245 1 0 _aLa acción política de los evangélicos
_c/ Reyes, Alberto
300 _aVolumen 1. Número 1 (1991), páginas 23-27
_c: 28 cm.
773 0 _tBoletín ALIET
_049394
_959445
_gVolumen 1. Número 1 (1991), páginas 23-27
_qPágina 23
942 _cANA